000 01130cab a22001935a 4500
001 L147992
008 090710e20090703xxkd f 000 0 eng d
035 _a(Sirsi) u147992
041 0 _aeng
100 1 _aMorrison, Doug
245 0 0 _aCouncils fight for their right
260 _c2009
490 0 _aProperty Week
_v75(27) 3 July 2009, 36-37(2)
520 _aExamines the Local Government Association's proposals recent proposal that more than 300 000 homes could be built over the next decade through root and branch reform of the housing finance system, placing local authorities back in the centre of large-scale residential development after years marginalised by Thatcher's right to buy policy. Concludes that the issue of town hall empowerment in social housing won't be going away but action is unlikely before the next general election. Graph covers local authority housebuilding 1949-2007 and a chart shows the distribution of local authority housing service income.
590 _aKA
651 4 _aEngland
_y886-
690 _aPROPERTY-RESIDENTIAL PROPERTY-RESIDENTIAL PROPERTY FINANCE AND INVESTMENT
942 _n0
999 _c81696
_d81696